| 000 | 01555nam a2200373 a 4500 | ||
|---|---|---|---|
| 001 | ebr10069879 | ||
| 003 | CaPaEBR | ||
| 006 | m u | ||
| 007 | cr cn||||||||| | ||
| 008 | 020412s2003 enka sb 001 0 eng | ||
| 010 | _z 2002067366 | ||
| 020 | _z0521816688 | ||
| 040 |
_aCaPaEBR _cCaPaEBR |
||
| 035 | _a(OCoLC)57204689 | ||
| 050 | 1 | 4 |
_aPR468.W6 _bC73 2003eb |
| 082 | 0 | 4 |
_a820.9/352042 _221 |
| 100 | 1 |
_aCraciun, Adriana, _d1967- |
|
| 245 | 1 | 0 |
_aFatal women of Romanticism _h[electronic resource] / _cAdriana Craciun. |
| 260 |
_aCambridge, UK ; _aNew York : _bCambridge University Press, _c2003. |
||
| 300 |
_axviii, 328 p. : _bill. |
||
| 490 | 1 |
_aCambridge studies in Romanticism ; _v54 |
|
| 504 | _aIncludes bibliographical references (p. 291-318) and index. | ||
| 533 |
_aElectronic reproduction. _bPalo Alto, Calif. : _cebrary, _d2013. _nAvailable via World Wide Web. _nAccess may be limited to ebrary affiliated libraries. |
||
| 650 | 0 |
_aEnglish literature _xWomen authors _xHistory and criticism. |
|
| 650 | 0 |
_aWomen and literature _zGreat Britain _xHistory _y19th century. |
|
| 650 | 0 |
_aEnglish literature _y19th century _xHistory and criticism. |
|
| 650 | 0 | _aFemmes fatales in literature. | |
| 650 | 0 |
_aRomanticism _zGreat Britain. |
|
| 650 | 0 | _aWomen in literature. | |
| 655 | 7 |
_aElectronic books. _2local |
|
| 710 | 2 | _aebrary, Inc. | |
| 830 | 0 |
_aCambridge studies in Romanticism ; _v54. |
|
| 856 | 4 | 0 |
_uhttp://site.ebrary.com/lib/rucke/Doc?id=10069879 _zAn electronic book accessible through the World Wide Web; click to view |
| 999 |
_c42527 _d42527 |
||